MARC details
| 000 -CABECERA |
| campo de control de longitud fija |
01909nam a2200397 a 4500 |
| 001 - NÚMERO DE CONTROL |
| campo de control |
dia_5515 |
| 003 - IDENTIFICADOR DEL NÚMERO DE CONTROL |
| campo de control |
CHAP |
| 005 - FECHA Y HORA DE LA ÚLTIMA TRANSACCIÓN |
| campo de control |
20250826184318.0 |
| 007 - CAMPO FIJO DE DESCRIPCIÓN FÍSICA--INFORMACIÓN GENERAL |
| campo de control de longitud fija |
ta |
| 008 - DATOS DE LONGITUD FIJA--INFORMACIÓN GENERAL |
| campo de control de longitud fija |
220117s1992 mx ae f 001 0 spa d |
| 040 ## - FUENTE DE LA CATALOGACIÓN |
| Centro/agencia transcriptor |
CHAP |
| Centro catalogador/agencia de origen |
mxchpua |
| 090 ## - LOCALMENTE ASIGNADO TIPO-LC NÚMERO DE CLASIFICACIÓN (OCLC); NÚMERO DE CLASIFICACIÓN LOCAL (RLIN) |
| Número de clasificación (OCLC) (R) ; Numero de clasificación, CALL (RLIN) (NR) |
T.C.138 |
| Número cutter local (OCLC) ; Número de libro/Signatura topográfica íntegra, CALL (RLIN) |
C45 ETIPA |
| Año |
1992 |
| 245 10 - MENCIÓN DE TÍTULO |
| Título |
Estudio técnico-ingenieril de la empresa industrializadora de carnes de Atotonilco S. A. / |
| Mención de responsabilidad, etc. |
coordinador Walter Chisholm Stadard ; colaborador María Rosario Alcocer Martínez...[y otros] |
| 260 ## - PUBLICACIÓN, DISTRIBUCIÓN, ETC. |
| Lugar de publicación, distribución, etc. |
México : |
| Nombre del editor, distribuidor, etc. |
El autor, |
| Fecha de publicación, distribución, etc. |
1992 |
| 300 ## - DESCRIPCIÓN FÍSICA |
| Extensión |
iii, 112 hojas : |
| Otras características físicas |
ilustraciones, tablas, planos |
| 336 ## - TIPO DE CONTENIDO |
| Fuente |
rdacontent |
| Término de tipo de contenido |
texto |
| Código de tipo de contenido |
txt |
| 337 ## - TIPO DE MEDIO |
| Fuente |
rdamedia |
| Nombre/término del tipo de medio |
sin medio |
| Código del tipo de medio |
n |
| 338 ## - TIPO DE SOPORTE |
| Fuente |
rdacarrier |
| Nombre/término del tipo de soporte |
volumen |
| Código del tipo de soporte |
nc |
| 500 ## - NOTA GENERAL |
| Nota general |
Grado : 7° año |
| 502 ## - NOTA DE TESIS |
| Nota de tesis |
Viaje de estudios |
| Tipo de título |
(ETIPA) -- |
| Nombre de la institución que otorga el título |
UACh. Departamento de Ingeniería Agroindustrial, |
| Año de obtención del título |
1992 |
| 505 00 - NOTA DE CONTENIDO CON FORMATO |
| Nota de contenido con formato |
Contiene 6 Planos : --<br/>1.Planos de distribución de áreas del rastro y empacadora INCASA --<br/>2. Diagrama de iluminación del rastro y empacadora INCASA --<br/>3. Diagrama de flujo del rastro y empacadora INCASA --<br/>4. Plano de distribución de equipo y tubería de servicio --<br/>5. Plano de instalación frigorífica del rastro y empacadora INCASA --<br/>6. Plano de modificaciones propuestas para el rastro y empacadora INCASA |
| 650 13 - PUNTO DE ACCESO ADICIONAL DE MATERIA--TÉRMINO DE MATERIA |
| Término de materia o nombre geográfico como elemento de entrada |
Carne de puerco |
| 9 (RLIN) |
19173 |
| 650 10 - PUNTO DE ACCESO ADICIONAL DE MATERIA--TÉRMINO DE MATERIA |
| Término de materia o nombre geográfico como elemento de entrada |
Mataderos |
| Subdivisión geográfica |
México |
| -- |
Jalisco |
| 9 (RLIN) |
154201 |
| 650 13 - PUNTO DE ACCESO ADICIONAL DE MATERIA--TÉRMINO DE MATERIA |
| Término de materia o nombre geográfico como elemento de entrada |
Plantas empacadoras de carne |
| 9 (RLIN) |
158824 |
| Subdivisión geográfica |
México |
| -- |
Jalisco |
| 650 13 - PUNTO DE ACCESO ADICIONAL DE MATERIA--TÉRMINO DE MATERIA |
| Término de materia o nombre geográfico como elemento de entrada |
Meat packing plants |
| 9 (RLIN) |
158823 |
| Subdivisión geográfica |
Mexico |
| -- |
Jalisco |
| 650 13 - PUNTO DE ACCESO ADICIONAL DE MATERIA--TÉRMINO DE MATERIA |
| Término de materia o nombre geográfico como elemento de entrada |
Pork |
| 9 (RLIN) |
147688 |
| 650 10 - PUNTO DE ACCESO ADICIONAL DE MATERIA--TÉRMINO DE MATERIA |
| Término de materia o nombre geográfico como elemento de entrada |
Slaughterhouses |
| Subdivisión geográfica |
Mexico |
| -- |
Jalisco |
| 9 (RLIN) |
154203 |
| 700 1# - PUNTO DE ACCESO ADICIONAL--NOMBRE DE PERSONA |
| Nombre de persona |
Chisholm Stadard, Walter |
| 9 (RLIN) |
22630 |
| Término indicativo de función/relación |
coordinador |
| 700 1# - PUNTO DE ACCESO ADICIONAL--NOMBRE DE PERSONA |
| Nombre de persona |
Alcocer Martínez, María Rosario |
| 9 (RLIN) |
3641 |
| Término indicativo de función/relación |
colaborador |
| 942 ## - ELEMENTOS DE PUNTO DE ACCESO ADICIONAL (KOHA) |
| Fuente del sistema de clasificación o colocación |
Clasificación Universidad Autónoma de Chapingo |
| 901 ## - ELEMENTOS DE DATOS A LOCAL LDA (RLIN) |
| a |
T.C.138 C45 ETIPA 1992 |
| 902 ## - ELEMENTOS DE DATOS B LOCAL, LDB (RLIN) |
| a |
M |
| 905 ## - ELEMENTOS DE DATOS E LOCAL, LDE (RLIN) |
| a |
5332271992 mx eian8222223322spa16 |
| 942 ## - ELEMENTOS DE PUNTO DE ACCESO ADICIONAL (KOHA) |
| Tipo de ítem Koha |
Viaje de Estudios |